[Event "February Lviv Tradition (IM-Group)"]
[Site "Lviv"]
[Date "2020.02.17"]
[Round "1.1"]
[White "Sydoryka, Vladyslav"]
[Black "Kowalski, Igor"]
[Result "0-1"]
[WhiteElo "2318"]
[BlackElo "2332"]
[PlyCount "94"]
[EventDate "2020.02.17"]
[EventType "tourn"]
[EventRounds "9"]
[EventCountry "UKR"]
[EventCategory "1"]

1. g3 g6 2. Bg2 Bg7 3. c4 d6 4. Nc3 Nf6 5. Nf3 e5 6. O-O O-O 7. d3 Nc6 8. Rb1
h6 9. b4 Be6 10. b5 Ne7 11. Qc2 Nd7 12. a4 f5 13. Nd2 c6 14. Ba3 Qc7 15. Rb3
Nc5 16. bxc6 bxc6 17. Bxc5 dxc5 18. Rfb1 g5 19. Rb7 Qd6 20. a5 Ng6 21. Nb3 Bc8
22. a6 Bxb7 23. axb7 Rab8 24. Na5 Ne7 25. g4 e4 26. gxf5 exd3 27. exd3 Rxf5 28.
Be4 Rf4 29. Ne2 Rh4 30. Ng3 Bd4 31. Kg2 Qd7 32. Nf1 Rf4 33. f3 Qc7 34. Qa4 Rf6
35. Ng3 Bc3 36. Nh5 Rd6 37. Nb3 Rxb7 38. Rc1 Bd4 39. Nxd4 Rxd4 40. Qd1 Rb2+ 41.
Rc2 Qb8 42. Qe2 Rxc2 43. Qxc2 Kf7 44. Ng3 Rd7 45. Qa2 Rb7 46. Qa5 Rb2+ 47. Kg1
Qb4 0-1

[Event "February Lviv Tradition (IM-Group)"]
[Site "Lviv"]
[Date "2020.02.17"]
[Round "1.2"]
[White "Shkuran, Danylo"]
[Black "Kagramanianz, Vartan"]
[Result "1/2-1/2"]
[WhiteElo "2329"]
[BlackElo "2238"]
[PlyCount "84"]
[EventDate "2020.02.17"]
[EventType "tourn"]
[EventRounds "9"]
[EventCountry "UKR"]
[EventCategory "1"]

1. e4 c5 2. Nf3 d6 3. Be2 Nf6 4. c3 Nc6 5. d4 cxd4 6. cxd4 Nxe4 7. d5 Qa5+ 8.
Nc3 Nxc3 9. bxc3 Ne5 10. Nxe5 Qxc3+ 11. Bd2 Qxe5 12. O-O Qxd5 13. Rb1 f6 14.
Bf3 Qxa2 15. Be3 e6 16. Bxb7 Bxb7 17. Rxb7 Be7 $11 18. Qf3 Qa6 19. Rfb1 Kf7 20.
h3 Rhe8 21. Qe4 Rh8 22. g3 h5 23. Rxe7+ Kxe7 24. Rb7+ Kf8 25. Rc7 Rc8 26. Rxa7
Rc1+ $11 27. Kh2 Qc6 28. Qxc6 Rxc6 29. Ra8+ Kf7 30. Rxh8 e5 31. Kg1 d5 32. Kf1
Rc2 33. Ke1 d4 34. Bd2 Kg6 35. Ke2 Ra2 36. f3 Ra1 37. h4 Ra2 38. Rd8 Kf5 39.
Rh8 Kg6 40. Rd8 Kf5 41. Rh8 Kg6 42. Rd8 Kf5 $11 1/2-1/2

[Event "February Lviv Tradition (IM-Group)"]
[Site "Lviv"]
[Date "2020.02.17"]
[Round "1.3"]
[White "Roshka, Yevgeniy"]
[Black "Kryvoruchko, Vita"]
[Result "1-0"]
[WhiteElo "2456"]
[BlackElo "2146"]
[PlyCount "75"]
[EventDate "2020.02.17"]
[EventType "tourn"]
[EventRounds "9"]
[EventCountry "UKR"]
[EventCategory "1"]

1. d4 Nf6 2. c4 e6 3. g3 d5 4. Nf3 Be7 5. Bg2 O-O 6. O-O c6 7. Nbd2 Nbd7 8. Qc2
b6 9. e4 dxe4 10. Nxe4 Bb7 11. Rd1 c5 12. Nxf6+ Bxf6 13. dxc5 bxc5 14. Ng5 Bxg5
15. Bxb7 Bxc1 16. Raxc1 Qc7 17. Bxa8 Rxa8 18. Qe4 Rb8 19. Rc2 Ne5 20. Rcd2 Nc6
21. Rd7 Qc8 22. Qf4 Qf8 23. Qd6 Nd4 24. b4 Qxd6 25. Rxd6 e5 26. bxc5 f6 27. Kg2
h5 28. c6 Rc8 29. Rb1 Nxc6 30. Rb7 Nd4 31. Rdd7 Nf5 32. Rbc7 Rb8 33. h3 g5 34.
g4 hxg4 35. hxg4 Nh4+ 36. Kg3 a5 37. c5 a4 38. c6 1-0

[Event "February Lviv Tradition (IM-Group)"]
[Site "Lviv"]
[Date "2020.02.17"]
[Round "1.4"]
[White "Vakulenko, Oleksandr"]
[Black "Bognar, Csaba Dr"]
[Result "1-0"]
[WhiteElo "2262"]
[BlackElo "2128"]
[PlyCount "67"]
[EventDate "2020.02.17"]
[EventType "tourn"]
[EventRounds "9"]
[EventCountry "UKR"]
[EventCategory "1"]

1. d4 Nf6 2. c4 g6 3. Nc3 Bg7 4. e4 d6 5. f3 O-O 6. Be3 Nbd7 7. Bd3 e5 8. Nge2
c6 9. O-O Qe7 10. d5 c5 11. Qd2 Ne8 12. g4 Bf6 13. a3 Bh4 14. Kh1 Ng7 15. Rg1
f6 16. b4 b6 17. Bc2 Rf7 18. Ba4 f5 19. gxf5 gxf5 20. exf5 Nf8 21. Ng3 Kh8 22.
Qg2 Ba6 23. Nh5 Nd7 24. Nxg7 Rg8 25. Qh3 Rfxg7 26. Bxd7 Qxd7 27. b5 Rxg1+ 28.
Bxg1 Bc8 29. Qxh4 Qxf5 30. Rf1 Qd3 31. Qf6+ Rg7 32. Ne4 Qxf1 33. Ng5 h6 34.
Qf8+ 1-0

[Event "February Lviv Tradition (IM-Group)"]
[Site "Lviv"]
[Date "2020.02.17"]
[Round "1.5"]
[White "Bets, Anatolij"]
[Black "Malynovskyi, Rostyslav"]
[Result "1/2-1/2"]
[WhiteElo "2249"]
[BlackElo "2238"]
[PlyCount "81"]
[EventDate "2020.02.17"]
[EventType "tourn"]
[EventRounds "9"]
[EventCountry "UKR"]
[EventCategory "1"]

1. d4 Nf6 2. c4 g6 3. Nc3 d5 4. Nf3 Bg7 5. Bg5 Ne4 6. cxd5 Nxg5 7. Nxg5 e6 8.
Nf3 exd5 9. e3 c6 10. b4 O-O 11. Be2 Bf5 12. O-O Qd6 13. Qb3 Nd7 14. b5 h6 15.
Rfd1 Rfc8 16. Rac1 Be6 17. Na4 c5 18. dxc5 Nxc5 19. Qa3 Ne4 20. Qxd6 Nxd6 21.
Nc5 Bb2 22. Rb1 Rxc5 23. Rxb2 Rac8 24. Nd4 Ne4 25. f3 Nc3 26. Re1 Bd7 27. Bd3
Kg7 28. Kf2 h5 29. h4 Kf6 30. Ra1 Na4 31. Rb4 Nb6 32. Nb3 Rc3 33. Rd1 Be6 34.
Rf4+ Ke7 35. Nd4 Ra3 36. Rd2 Rcc3 37. Nb3 Nc4 38. Bxc4 dxc4 39. Nd4 Rxe3 40.
Nxe6 Kxe6 41. Rxc4 $11 1/2-1/2

[Event "February Lviv Tradition (IM-Group)"]
[Site "Lviv"]
[Date "2020.02.18"]
[Round "2.1"]
[White "Kowalski, Igor"]
[Black "Malynovskyi, Rostyslav"]
[Result "1-0"]
[WhiteElo "2332"]
[BlackElo "2238"]
[PlyCount "85"]
[EventDate "2020.02.17"]
[EventType "tourn"]
[EventRounds "9"]
[EventCountry "UKR"]
[EventCategory "1"]

1. d4 Nf6 2. Nf3 g6 3. e3 Bg7 4. Be2 O-O 5. O-O d5 6. b4 Nbd7 7. Nbd2 b6 8. Bb2
c5 9. bxc5 bxc5 10. c4 Bb7 11. Rc1 Rc8 12. Qa4 Qb6 13. Bc3 Qa6 14. Qd1 Qd6 15.
dxc5 Qxc5 16. Qb3 Qb6 17. Bb4 Nc5 18. Qa3 Nfd7 19. cxd5 Bxd5 20. Rc2 Ne4 21.
Nc4 Qe6 22. Rfc1 Rc7 23. Ncd2 Rxc2 24. Rxc2 Nxd2 25. Nxd2 Bf6 26. h3 Kg7 27.
Bg4 Qe5 28. Bxd7 Bxg2 29. Kxg2 Qd5+ 30. Nf3 Qxd7 31. Bc3 Rb8 32. Rd2 Qc7 33.
Bxf6+ exf6 34. Qd6 Qb7 35. Qd7 Qa6 36. Qe7 Rb1 37. Rd8 Kh6 38. Qf8+ Kh5 39.
Qxf7 Qf1+ 40. Kg3 Kh6 41. Qf8+ Kh5 42. Rd5+ f5 43. Rxf5+ 1-0

[Event "February Lviv Tradition (IM-Group)"]
[Site "Lviv"]
[Date "2020.02.18"]
[Round "2.2"]
[White "Bognar, Csaba Dr"]
[Black "Bets, Anatolij"]
[Result "1-0"]
[WhiteElo "2128"]
[BlackElo "2249"]
[PlyCount "123"]
[EventDate "2020.02.17"]
[EventType "tourn"]
[EventRounds "9"]
[EventCountry "UKR"]
[EventCategory "1"]

1. d4 Nf6 2. c4 c5 3. d5 b5 4. Qc2 bxc4 5. e4 d6 6. Nf3 g6 7. Nfd2 Bg7 8. Be2
O-O 9. O-O Ba6 10. Nxc4 Nfd7 11. Be3 Nb6 12. Nba3 N8d7 13. Bd2 Nxc4 14. Bxc4
Qc8 15. Bc3 Nb6 16. Bxg7 Kxg7 17. Be2 Bxe2 18. Qxe2 a5 19. Qd2 Qa6 20. f4 f6
21. e5 Nc4 22. Qc3 Nxa3 23. bxa3 Rab8 24. Rfe1 Rf7 25. exf6+ exf6 26. Re6 c4
27. Rc1 Qb6+ 28. Kf1 Rc8 29. Re4 Qb5 30. a4 Qxd5 31. Rxc4 Rxc4 32. Qxc4 Qd2 33.
Rc2 Qd1+ 34. Kf2 Re7 35. Re2 Rxe2+ 36. Qxe2 Qxe2+ 37. Kxe2 Kf7 38. Kd3 Ke6 39.
Kc4 g5 40. fxg5 fxg5 41. Kb5 Kd5 42. Kxa5 Kc5 43. Ka6 d5 44. Kb7 Kb4 45. Kb6 d4
46. a5 d3 47. a6 d2 48. a7 d1=Q 49. a3+ Kb3 50. a8=Q Qd4+ 51. Kc7 Qe5+ 52. Kd7
Qf5+ 53. Ke7 Qe5+ 54. Kf7 Qxh2 55. Qd5+ Kxa3 56. Qxg5 h5 57. Kg6 h4 58. Kh5 Kb2
59. Qg4 Kc2 60. Qh3 Qe5+ 61. Kxh4 Qh2 62. Kh5 {time} 1-0

[Event "February Lviv Tradition (IM-Group)"]
[Site "Lviv"]
[Date "2020.02.18"]
[Round "2.3"]
[White "Kryvoruchko, Vita"]
[Black "Vakulenko, Oleksandr"]
[Result "0-1"]
[WhiteElo "2146"]
[BlackElo "2262"]
[PlyCount "116"]
[EventDate "2020.02.17"]
[EventType "tourn"]
[EventRounds "9"]
[EventCountry "UKR"]
[EventCategory "1"]

1. d4 Nf6 2. c4 e6 3. Nf3 d5 4. g3 Bb4+ 5. Bd2 Be7 6. Bg2 O-O 7. O-O Nbd7 8. b3
Ne4 9. Bf4 g5 10. Bc1 Bf6 11. Bb2 Bg7 12. Nfd2 f5 13. f3 Nd6 14. e4 f4 15. Bh3
Qe7 16. exd5 exd5 17. Re1 Qd8 18. Be6+ Kh8 19. Qc2 fxg3 20. hxg3 Nf6 21. cxd5
Nh5 22. Kg2 Nf5 23. Ne4 Nhxg3 24. Nxg3 Nh4+ 25. Kh3 Nxf3 26. Rh1 Qxd5 27. Bxc8
Raxc8 28. Qe4 Qd7+ 29. Kg2 Nh4+ 30. Rxh4 gxh4 31. Qxh4 Qf7 32. Bc3 Qf2+ 33. Kh3
Rf4 34. Qg5 Rg8 35. Nd2 Bxd4 36. Qe5+ Bxe5 37. Bxe5+ Rg7 38. Bxg7+ Kxg7 39.
Nh5+ Kh6 40. Nxf4 Qxf4 41. Nf1 Qf5+ 42. Kg2 Qc2+ 43. Kg1 Qg6+ 44. Kh2 Qc2+ 45.
Kg1 Qb2 46. Re1 Qxa2 47. Re3 a5 48. Rg3 a4 49. bxa4 Qxa4 50. Ne3 Kh5 51. Kh2
Qa2+ 52. Kh3 Qe6+ 53. Kh2 b5 54. Ng2 Qe5 55. Kh3 b4 56. Rg4 b3 57. Nf4+ Kh6 58.
Nd3 Qf5 0-1

[Event "February Lviv Tradition (IM-Group)"]
[Site "Lviv"]
[Date "2020.02.18"]
[Round "2.4"]
[White "Kagramanianz, Vartan"]
[Black "Roshka, Yevgeniy"]
[Result "0-1"]
[WhiteElo "2238"]
[BlackElo "2456"]
[PlyCount "112"]
[EventDate "2020.02.17"]
[EventType "tourn"]
[EventRounds "9"]
[EventCountry "UKR"]
[EventCategory "1"]

1. Nf3 Nf6 2. c4 g6 3. Nc3 Bg7 4. e4 d6 5. d4 O-O 6. Be2 e5 7. O-O Nc6 8. d5
Ne7 9. Ne1 Nd7 10. Nd3 f5 11. f3 f4 12. Bd2 g5 13. Be1 Nf6 14. Bf2 h5 15. Kh1
Ng6 16. c5 g4 17. Qe1 Bh6 18. b4 Rf7 19. a4 g3 20. hxg3 fxg3 21. Bxg3 h4 22.
Bh2 Nh5 23. f4 Nhxf4 24. Ra2 Rg7 25. Nf2 Qg5 26. Bf3 h3 27. Nxh3 Nxh3 28. gxh3
Nh4 29. Bg4 Bxg4 30. hxg4 Qxg4 31. Raf2 Qh3 32. Rg1 Bf4 33. Rxg7+ Kxg7 34. Qg1+
Ng6 35. Nb5 Rh8 36. Nxc7 Qe3 37. Ne6+ Kf7 38. Rxf4+ exf4 39. Qxe3 fxe3 40. Kg2
dxc5 41. bxc5 e2 42. Bg3 Rg8 43. Kf2 Nf8 44. Nd8+ Ke8 45. Bc7 Rg2+ 46. Ke1 Ng6
47. Ne6 Rg4 48. Kxe2 Rxe4+ 49. Kd3 Rxa4 50. c6 bxc6 51. dxc6 Ne7 52. Nd4 a6 53.
Bb6 Ra1 54. Bc5 Rd1+ 55. Kc2 Rg1 56. Kb3 Rg6 0-1

[Event "February Lviv Tradition (IM-Group)"]
[Site "Lviv"]
[Date "2020.02.18"]
[Round "2.5"]
[White "Sydoryka, Vladyslav"]
[Black "Shkuran, Danylo"]
[Result "1/2-1/2"]
[WhiteElo "2318"]
[BlackElo "2329"]
[PlyCount "60"]
[EventDate "2020.02.17"]
[EventType "tourn"]
[EventRounds "9"]
[EventCountry "UKR"]
[EventCategory "1"]

1. c4 e6 2. g3 d5 3. Bg2 Nf6 4. Nf3 Be7 5. O-O O-O 6. d4 b6 7. Qc2 Bb7 8. Rd1
dxc4 9. Qxc4 Nbd7 10. Nc3 Rc8 11. Qa4 a6 12. Ne5 b5 13. Qa5 Bxg2 14. Kxg2 c6
15. Qxd8 Rfxd8 16. Nxd7 Rxd7 17. Bg5 h6 18. Bxf6 Bxf6 19. e3 c5 20. dxc5 Rxd1
21. Rxd1 Bxc3 22. bxc3 Rxc5 23. Rd3 Rc4 24. Kf3 e5 25. Rd6 Ra4 26. Rd2 Kf8 27.
Ke2 Rc4 28. Rd6 Ra4 29. Rd2 Rc4 30. Rd6 Ra4 $11 1/2-1/2

[Event "February Lviv Tradition (IM-Group)"]
[Site "Lviv"]
[Date "2020.02.18"]
[Round "3.1"]
[White "Shkuran, Danylo"]
[Black "Kowalski, Igor"]
[Result "0-1"]
[WhiteElo "2329"]
[BlackElo "2332"]
[PlyCount "200"]
[EventDate "2020.02.17"]
[EventType "tourn"]
[EventRounds "9"]
[EventCountry "UKR"]
[EventCategory "1"]

1. e4 d6 2. d4 Nf6 3. Nc3 g6 4. g3 Bg7 5. Bg2 O-O 6. Nge2 e5 7. h3 a6 8. O-O
Nc6 9. Be3 Nd7 10. f4 exf4 11. gxf4 Nb6 12. f5 Re8 13. fxg6 hxg6 14. b3 Qh4 15.
Nf4 Ne7 16. Qf3 Rf8 17. Rae1 c6 18. Kh2 Bd7 19. Bf2 Qh8 20. Nce2 Rae8 21. Qg3
d5 22. exd5 Nf5 23. Qc3 Nxd5 24. Nxd5 cxd5 25. Ng3 Nxd4 26. Rxe8 Rxe8 27. Qc7
Be6 28. Qxb7 Be5 29. Qxa6 Nf5 30. Qd3 Rc8 31. c4 dxc4 32. bxc4 Bxc4 33. Rc1 Qh4
34. Qf3 Rd8 35. Qg4 Bxa2 36. Qxh4 Nxh4 37. Rc2 Be6 38. Be4 Rd1 39. Rc5 Bd6 40.
Rc3 Be5 41. Rd3 Ra1 42. Rd2 Ra4 43. Bc6 Ra3 44. Re2 Bf4 45. Be4 Kh7 46. Rb2 Kh6
47. Re2 Rb3 48. Bc2 Rc3 49. Be4 Nf3+ 50. Bxf3 Rxf3 51. Be1 g5 52. Bf2 Kg6 53.
Be1 Rd3 54. Bf2 Bd5 55. Be1 Ra3 56. Bf2 Ra1 57. Be1 Bc6 58. Rc2 Bb7 59. Re2 Ba8
60. Re8 Bf3 61. Rg8+ Kh7 62. Rh8+ Kxh8 63. Bc3+ Kh7 64. Bxa1 Kg6 65. Bd4 Bd6
66. Bf2 f5 67. Kg1 f4 68. Nf1 Bb4 69. Nh2 Bh5 70. Kg2 Kf5 71. Nf3 Be7 72. Nd2
Bf7 73. Bb6 Be6 74. Ba7 Ke5 75. Bb8+ Kf5 76. Ba7 Bd8 77. Bd4 Bd5+ 78. Kf2 Bc6
79. Ba7 Ke6 80. Nf3 Kd5 81. Nd2 Bf6 82. Bb6 Bd7 83. Kg2 Bf5 84. Ba7 Bc2 85. Bb6
Kc6 86. Ba7 Bf5 87. Bb8 Bc3 88. Nf3 Be4 89. Kf2 Bf6 90. Ba7 Kd5 91. Nd2 Bd4+
92. Bxd4 Kxd4 93. Nf1 Bc6 94. Nh2 Ke5 95. Nf1 Bd7 96. Kg2 Ke4 97. Nd2+ Ke3 98.
Nc4+ Ke2 99. Ne5 Be6 100. Kh2 f3 0-1

[Event "February Lviv Tradition (IM-Group)"]
[Site "Lviv"]
[Date "2020.02.18"]
[Round "3.2"]
[White "Roshka, Yevgeniy"]
[Black "Sydoryka, Vladyslav"]
[Result "0-1"]
[WhiteElo "2456"]
[BlackElo "2318"]
[PlyCount "162"]
[EventDate "2020.02.17"]
[EventType "tourn"]
[EventRounds "9"]
[EventCountry "UKR"]
[EventCategory "1"]

1. d4 Nf6 2. c4 c5 3. d5 b5 4. cxb5 a6 5. f3 axb5 6. e4 Qa5+ 7. Bd2 b4 8. Na3
d6 9. Nc4 Qc7 10. a3 bxa3 11. Rxa3 Rxa3 12. bxa3 Qa7 13. Bc3 Nbd7 14. Qb3 Qb7
15. Qxb7 Bxb7 16. Na5 Ba8 17. Bb5 e6 18. Nc4 Kd8 19. e5 Nxd5 20. Ba5+ Kc8 21.
exd6 f6 22. Ne2 Nb8 23. Kf2 Bc6 24. Rb1 Kd7 25. Bxc6+ Nxc6 26. Rb7+ Kc8 27. Rb5
Kd7 28. Rb7+ Kc8 29. Rf7 Nxa5 30. Nxa5 Bxd6 31. Rxg7 Bc7 32. Nb3 Bb6 33. Nd2
c4+ 34. Ke1 Ne3 35. Nc3 Rd8 36. Ke2 Nd5 37. Nb5 c3 38. Nc4 Bc5 39. Ncd6+ Kb8
40. Rb7+ Ka8 41. Nc7+ Nxc7 42. Rxc7 Bxd6 43. Rxc3 Bxh2 44. Rc6 Bd6 45. Ke3 Kb7
46. Rc4 Bxa3 47. Rh4 Rd7 48. f4 Kc6 49. Rh6 Rf7 50. g4 Bc1+ 51. Ke4 e5 52. Rh3
Bxf4 53. Kf5 Bg5 54. Rc3+ Kd5 55. Rc7 Rf8 56. Rf7 Bh6 57. Ra7 Kc4 58. Rc7+ Kd3
59. Rd7+ Ke3 60. Ra7 Bg5 61. Rxh7 Ra8 62. Rb7 Ra4 63. Rb3+ Kf2 64. Rb2+ Kg3 65.
Rb3+ Kh4 66. Rb1 Rf4+ 67. Ke6 Kxg4 68. Ra1 e4 69. Kd5 e3 70. Ke6 e2 71. Kf7 Rf1
72. Ra4+ Bf4 73. Kg7 e1=Q 74. Ra7 f5 75. Ra6 Rh1 76. Rg6+ Bg5 77. Ra6 Qe7+ 78.
Kg8 Qe8+ 79. Kg7 Rh7+ 80. Kxh7 Qf7+ 81. Kh8 Bf6+ 0-1

[Event "February Lviv Tradition (IM-Group)"]
[Site "Lviv"]
[Date "2020.02.18"]
[Round "3.3"]
[White "Vakulenko, Oleksandr"]
[Black "Kagramanianz, Vartan"]
[Result "0-1"]
[WhiteElo "2262"]
[BlackElo "2238"]
[PlyCount "50"]
[EventDate "2020.02.17"]
[EventType "tourn"]
[EventRounds "9"]
[EventCountry "UKR"]
[EventCategory "1"]

1. d4 Nf6 2. c4 e6 3. Nc3 Bb4 4. e3 O-O 5. Bd3 Nc6 6. Nf3 d6 7. Qc2 e5 8. d5
Ne7 9. Nd2 c6 10. dxc6 bxc6 11. a3 Bxc3 12. Qxc3 Ng6 13. c5 d5 14. b3 d4 15.
Qc2 Nd5 16. Nf3 f5 17. e4 Ndf4 18. Bc4+ Kh8 19. Bxf4 Nxf4 20. O-O-O Qe7 21. Bd3
Nxd3+ 22. Qxd3 Qxc5+ 23. Kb2 fxe4 24. Qxe4 Qc3+ 25. Ka2 Be6 0-1

[Event "February Lviv Tradition (IM-Group)"]
[Site "Lviv"]
[Date "2020.02.18"]
[Round "3.4"]
[White "Bets, Anatolij"]
[Black "Kryvoruchko, Vita"]
[Result "1/2-1/2"]
[WhiteElo "2249"]
[BlackElo "2146"]
[PlyCount "61"]
[EventDate "2020.02.17"]
[EventType "tourn"]
[EventRounds "9"]
[EventCountry "UKR"]
[EventCategory "1"]

1. d4 Nf6 2. c4 e6 3. Nf3 d5 4. Nc3 Bb4 5. cxd5 exd5 6. Bg5 O-O 7. e3 h6 8.
Bxf6 Qxf6 9. a3 Bxc3+ 10. bxc3 c6 11. Be2 Bf5 12. Ne5 Nd7 13. Nxd7 $11 Bxd7 14.
O-O Bf5 15. c4 Rad8 16. cxd5 cxd5 17. Bd3 b6 18. Rc1 Rc8 19. Qd2 Bxd3 20. Qxd3
Qe6 21. h3 Rxc1 22. Rxc1 Rc8 23. Rc3 Rc6 24. Qc2 Rxc3 25. Qxc3 Qd7 26. a4 Qxa4
27. Qc8+ Kh7 28. Qf5+ Kg8 29. Qc8+ Kh7 30. Qf5+ Kg8 31. Qc8+ $11 1/2-1/2

[Event "February Lviv Tradition (IM-Group)"]
[Site "Lviv"]
[Date "2020.02.18"]
[Round "3.5"]
[White "Malynovskyi, Rostyslav"]
[Black "Bognar, Csaba Dr"]
[Result "1-0"]
[WhiteElo "2238"]
[BlackElo "2128"]
[PlyCount "129"]
[EventDate "2020.02.17"]
[EventType "tourn"]
[EventRounds "9"]
[EventCountry "UKR"]
[EventCategory "1"]

1. d4 Nf6 2. c4 g6 3. Nc3 Bg7 4. e4 d6 5. Be2 O-O 6. Be3 c6 7. g4 e5 8. d5 cxd5
9. cxd5 Ne8 10. g5 f5 11. gxf6 Nxf6 12. h4 Qa5 13. Bd2 Qb6 14. Qb3 Qxb3 15.
axb3 Na6 16. f3 Nc7 17. Be3 b6 18. Kd2 Bd7 19. Nh3 Nh5 20. Rag1 Nf4 21. Nxf4
exf4 22. Bf2 Bf6 23. Bd3 Kf7 24. Ne2 Be5 25. h5 Rg8 26. hxg6+ hxg6 27. Rh4 Rh8
28. Rgh1 Kg7 29. Rc1 Nb5 30. Bxb5 Bxb5 31. Nd4 Rxh4 32. Ne6+ Kg8 33. Bxh4 Bd7
34. Rc7 Bxe6 35. dxe6 Re8 36. e7 d5 37. Rxa7 dxe4 38. fxe4 Bxb2 39. Ke2 Kf7 40.
Rb7 Bf6 41. Bxf6 Kxf6 42. Rxb6+ Kxe7 43. Kf3 Rf8 44. Rxg6 Rb8 45. Kxf4 Rxb3 46.
Kf5 Rb5+ 47. e5 Rb1 48. Rg7+ Ke8 49. Kf6 Rf1+ 50. Ke6 Kf8 51. Rc7 Rd1 52. Rc8+
Kg7 53. Ke7 Re1 54. e6 Kg6 55. Rf8 Rd1 56. Rg8+ Kh7 57. Rg4 Re1 58. Kf7 Rf1+
59. Ke8 Re1 60. e7 Re2 61. Rd4 Ra2 62. Kd7 Ra7+ 63. Ke6 Ra6+ 64. Kf7 Kh6 65.
e8=Q 1-0

[Event "February Lviv Tradition (IM-Group)"]
[Site "Lviv"]
[Date "2020.02.19"]
[Round "4.1"]
[White "Kowalski, Igor"]
[Black "Bognar, Csaba Dr"]
[Result "1-0"]
[WhiteElo "2332"]
[BlackElo "2128"]
[PlyCount "83"]
[EventDate "2020.02.17"]
[EventType "tourn"]
[EventRounds "9"]
[EventCountry "UKR"]
[EventCategory "1"]

1. d4 Nf6 2. c4 g6 3. Nc3 Bg7 4. e4 d6 5. h3 O-O 6. Be3 Nbd7 7. g4 e5 8. d5 Nc5
9. f3 a5 10. Nge2 Ne8 11. Qd2 f5 12. gxf5 gxf5 13. Bg5 Nf6 14. exf5 Qe8 15.
O-O-O Bxf5 16. Ng3 Bg6 17. Rg1 Kh8 18. Be2 e4 19. Rdf1 exf3 20. Rxf3 Nce4 21.
Ngxe4 Nxe4 22. Rxf8+ Bxf8 23. Nxe4 Qxe4 24. Bf6+ Kg8 25. Bd3 Qf3 26. Bc3 Qh5
27. Qc2 Bh6+ 28. Kb1 Rf8 29. Bxg6 hxg6 30. Qxg6+ Qxg6+ 31. Rxg6+ Kh7 32. Re6
Bg5 33. Bxa5 b6 34. Bc3 Rf3 35. Re8 Kg6 36. Rg8+ Kf5 37. Rg7 Rxh3 38. Rxc7 Ke4
39. Kc2 b5 40. cxb5 Be3 41. a4 Kxd5 42. a5 1-0

[Event "February Lviv Tradition (IM-Group)"]
[Site "Lviv"]
[Date "2020.02.19"]
[Round "4.2"]
[White "Kryvoruchko, Vita"]
[Black "Malynovskyi, Rostyslav"]
[Result "1-0"]
[WhiteElo "2146"]
[BlackElo "2238"]
[PlyCount "61"]
[EventDate "2020.02.17"]
[EventType "tourn"]
[EventRounds "9"]
[EventCountry "UKR"]
[EventCategory "1"]

1. e4 c5 2. Nc3 e6 3. g3 Nc6 4. Bg2 g6 5. d3 Bg7 6. Be3 d6 7. Qd2 Rb8 8. Nf3
Nd4 9. Bxd4 cxd4 10. Nb5 e5 11. Qb4 Bf8 12. Nxa7 Bd7 13. Nb5 Qb6 14. a4 Nf6 15.
O-O Be7 16. c4 dxc3 17. bxc3 d5 18. Qb1 dxe4 19. Nxe5 Bf5 20. dxe4 Bc8 21. a5
Qc5 22. Nd3 Qh5 23. a6 O-O 24. a7 Ra8 25. Nc7 Bd6 26. Nxa8 Bh3 27. e5 Bxg2 28.
Kxg2 Ng4 29. h3 Ne3+ 30. fxe3 Qe2+ 31. Rf2 1-0

[Event "February Lviv Tradition (IM-Group)"]
[Site "Lviv"]
[Date "2020.02.19"]
[Round "4.3"]
[White "Kagramanianz, Vartan"]
[Black "Bets, Anatolij"]
[Result "1/2-1/2"]
[WhiteElo "2238"]
[BlackElo "2249"]
[PlyCount "61"]
[EventDate "2020.02.17"]
[EventType "tourn"]
[EventRounds "9"]
[EventCountry "UKR"]
[EventCategory "1"]

1. e4 e5 2. Nf3 Nf6 3. Nxe5 d6 4. Nf3 Nxe4 5. d3 Nf6 6. d4 d5 7. Bd3 Bd6 8. O-O
O-O 9. Bg5 Bg4 10. Nbd2 Nbd7 11. c3 c6 12. Qc2 Qc7 13. Rae1 Rfe8 14. Bh4 Bh5
15. Bg3 Bxg3 16. hxg3 Bg6 17. Rxe8+ Rxe8 18. Bxg6 hxg6 19. Re1 Rxe1+ 20. Nxe1
Qd6 21. Qd1 Qe6 22. Nd3 Ne4 23. Nf1 Nd6 24. Qe1 Qxe1 25. Nxe1 Kf8 26. Ne3 Ke7
27. f3 Nf5 28. Kf2 Nxe3 29. Kxe3 Ke6 30. Nd3 Kd6 31. g4 $11 1/2-1/2

[Event "February Lviv Tradition (IM-Group)"]
[Site "Lviv"]
[Date "2020.02.19"]
[Round "4.4"]
[White "Sydoryka, Vladyslav"]
[Black "Vakulenko, Oleksandr"]
[Result "1-0"]
[WhiteElo "2318"]
[BlackElo "2262"]
[PlyCount "119"]
[EventDate "2020.02.17"]
[EventType "tourn"]
[EventRounds "9"]
[EventCountry "UKR"]
[EventCategory "1"]

1. c4 e6 2. g3 d5 3. Bg2 Nf6 4. Nf3 dxc4 5. Qa4+ Nbd7 6. Qxc4 a6 7. Qc2 c5 8.
O-O b5 9. a4 Bb7 10. b3 Bd6 11. Bb2 O-O 12. axb5 axb5 13. Rxa8 Bxa8 14. Nc3 Qb6
15. Ra1 Bc6 16. d3 Rb8 17. Nd2 Bxg2 18. Kxg2 Bf8 19. Nce4 Nxe4 20. Nxe4 Qc6 21.
Kg1 Ra8 22. Rxa8 Qxa8 23. h4 h6 24. Nc3 Qa5 25. Ne4 f5 26. Nd2 Nb6 27. e4 Nd7
28. Nf3 Qa2 29. exf5 exf5 30. d4 f4 31. gxf4 c4 32. bxc4 bxc4 33. Nd2 Nb6 34.
Qb1 Qa5 35. Qc2 Qh5 36. Nxc4 Qg4+ 37. Kf1 Nd5 38. Qb3 Kh7 39. Ne5 Qe6 40. f5
Qd6 41. Qg3 Ne7 42. Ba3 Qxd4 43. Bxe7 Qd1+ 44. Kg2 Qd5+ 45. f3 Bxe7 46. Qg6+
Kg8 47. Qe8+ Bf8 48. Ng6 Qf7 49. Qxf8+ Qxf8 50. Nxf8 Kxf8 51. Kg3 Kf7 52. Kf4
Kf6 53. h5 Kf7 54. Ke5 Ke7 55. f6+ gxf6+ 56. Kf5 Kf7 57. f4 Ke7 58. Kg6 Ke6 59.
Kxh6 Kf7 60. f5 1-0

[Event "February Lviv Tradition (IM-Group)"]
[Site "Lviv"]
[Date "2020.02.19"]
[Round "4.5"]
[White "Shkuran, Danylo"]
[Black "Roshka, Yevgeniy"]
[Result "0-1"]
[WhiteElo "2329"]
[BlackElo "2456"]
[PlyCount "112"]
[EventDate "2020.02.17"]
[EventType "tourn"]
[EventRounds "9"]
[EventCountry "UKR"]
[EventCategory "1"]

1. Nf3 g6 2. g3 Bg7 3. Bg2 e5 4. d3 d5 5. O-O Ne7 6. Nbd2 O-O 7. e4 Nbc6 8. Re1
h6 9. c3 a5 10. a4 Be6 11. Qc2 Kh7 12. b3 f5 13. Ba3 Qd7 14. Rad1 Rad8 15. exd5
Bxd5 16. Nc4 e4 17. Bxe7 Qxe7 18. d4 Qf7 19. Nfd2 Be6 20. f3 exf3 21. Bxf3 Bd5
22. Bxd5 Qxd5 23. Ne3 Qd7 24. Ng2 Rfe8 25. Nc4 Qd5 26. Qd3 b5 27. axb5 Qxb5 28.
Qc2 a4 29. Rb1 Rxe1+ 30. Nxe1 Re8 31. Nf3 Qd5 32. Qd3 axb3 33. Rxb3 f4 34. gxf4
Re4 35. Ncd2 Rxf4 36. Rb1 Rg4+ 37. Kf2 Ne7 38. Rg1 Rf4 39. Ke2 Nf5 40. Qa6 c6
41. Qd3 c5 42. dxc5 Qxc5 43. Ne4 Qe7 44. Nfd2 Qh4 45. h3 Ne7 46. Kd1 Qh5+ 47.
Kc1 Nd5 48. Rf1 Rxf1+ 49. Nxf1 Nf4 50. Qe3 Nxh3 51. Nfd2 Qf5 52. c4 Nf4 53. c5
Bd4 54. Qa3 Bxc5 55. Nxc5 Qxc5+ 56. Qxc5 Nd3+ 0-1

[Event "February Lviv Tradition (IM-Group)"]
[Site "Lviv"]
[Date "2020.02.20"]
[Round "6.1"]
[White "Kowalski, Igor"]
[Black "Kryvoruchko, Vita"]
[Result "1-0"]
[WhiteElo "2332"]
[BlackElo "2146"]
[PlyCount "97"]
[EventDate "2020.02.17"]
[EventType "tourn"]
[EventRounds "9"]
[EventCountry "UKR"]
[EventCategory "1"]

1. d4 Nf6 2. c4 e6 3. Nf3 d5 4. Nc3 Be7 5. Bf4 O-O 6. e3 c5 7. dxc5 Bxc5 8. a3
Nc6 9. Qc2 Qa5 10. Nd2 Be7 11. Nb3 Qb6 12. Rd1 Na5 13. Nxa5 Qxa5 14. Bd3 dxc4
15. Bxc4 Bd7 16. O-O Bc6 17. Qb3 Rfd8 18. h3 Rxd1 19. Rxd1 Rd8 20. Rxd8+ Qxd8
21. Qc2 a6 22. Ba2 g6 23. Ne2 Be4 24. Qc1 Nd5 25. Be5 Bf6 26. Bxd5 Bxd5 27.
Bxf6 Qxf6 28. f3 e5 29. e4 Qb6+ 30. Kh2 Be6 31. Qc3 Qf2 32. Ng3 f6 33. Qb4 b6
34. Qe7 Bf7 35. b4 Kg7 36. Qa7 h5 37. Qxa6 h4 38. Nf1 Be6 39. a4 f5 40. a5 fxe4
41. Qxb6 Qxf1 42. Qxe6 exf3 43. Qxe5+ Kh7 44. Qc7+ Kg8 45. Qc8+ Kg7 46. Qb7+
Kh6 47. Qxf3 Qb5 48. Qf8+ Kh5 49. Qc5+ 1-0